zpět

Detail výsledku týmu

Žluté lázně, Praha

Datum a čas kvízu

36.5 Celkem bodů Celkový počet nahraných bodů na tomto kvízu bez doplňovacích otázek.
5. Pořadí na kvízu Konečné umístění týmu na tomto kvízu.

Zaznamenané odpovědi

# Otázka Odpověď Body Výsledky
1. Jak se jmenuje známý americký... Matthew McConaughey 1
2. Jakou značku a barvu měly Carr... Manolo Blahnik, stříbrné barvy 0.5
3. Ve 2. epizodě 4. řady byla Car... Dolce and Gabbana, kalhotky s flitry 1
4. V posledním díle seriálu potka... knihkupectví v Paříži 1
5. Napište adresu bytu, který má... 73rd Street, Upper East Side 0
6. Miranda Hobbesová si v seriálu... čokoládový dort 1
7. Ve které budově se Miranda pop... v kostele 1
8. Bydlet jinde než na Manhattanu... do Brooklynu 1
9. Jak se jmenuje seriál, který M... Jules and Mimi 1
10. Jakou úpravu zevnějšku podstou... nosila rovnátka 1